[Event "1st League TCh-SCG w"]
[Site "Budva SCG"]
[Date "2003.09.01"]
[Round "4"]
[White "Marcetic,Ma"]
[Black "Urosevic,M"]
[Result "1-0"]
[WhiteElo "2261"]
[BlackElo "2009"]

1.e4 c5 2.Nf3 e6 3.d4 cxd4 4.Nxd4 Nc6 5.Nc3 Qc7 6.Be3 a6 7.Bd3 Nf6 8.Qe2 Be7
9.O-O-O b5 10.f4 Nxd4 11.Bxd4 Qxf4+ 12.Kb1 Bb7 13.Rhf1 Qc7 14.e5 Nd5 15.Ne4 Nb4
16.Nd6+ Bxd6 17.exd6 Qa5 18.Bxg7 Qxa2+ 19.Kc1 Rg8 20.Rxf7 Nxd3+ 21.Rxd3 Kxf7
22.Qf2+ Ke8 23.Rg3 Qd5 24.Bh6 Qf5 25.Rxg8+ Kf7 26.Rg7+ Ke8 27.Re7+ Kd8 28.Qb6+  1-0

[Event "1st League TCh-SCG"]
[Site "Budva SCG"]
[Date "2003.09.02"]
[Round "5"]
[White "Popadic,Dr"]
[Black "Rajkovic,Du"]
[Result "0-1"]
[WhiteElo "2261"]
[BlackElo "2456"]

1.e4 c5 2.Nf3 e6 3.d4 cxd4 4.Nxd4 Nc6 5.Nc3 Qc7 6.Be3 a6 7.Be2 Nf6 8.O-O Bb4
9.Na4 O-O 10.c4 Be7 11.c5 Nxe4 12.Bf3 Ng5 13.Nb6 Rb8 14.Rc1 f5 15.Bxc6 bxc6
16.f3 h6 17.Qc2 Nh7 18.Qc4 Kh8 19.Ne2 Nf6 20.Qh4 Kh7 21.Nf4 g5 22.Qg3 e5
23.Qh3 gxf4 24.Qxf5+ Kg7 25.Bf2 d6 26.cxd6 Bxd6 27.Nxc8 Qxc8 28.Qc2 c5 29.Rfd1 Qe6
30.Rxd6 Qxd6 31.Bxc5 Qd5 32.Bxf8+ Rxf8 33.b3 Rd8 34.h3 Qd2 35.Qc6 Rd6 36.Qc8 Kg6
37.Kh2 Qxa2 38.h4 h5 39.Rc5 Qf2 40.Qh3 Rd1  0-1

[Event "1st League TCh-SCG w"]
[Site "Budva SCG"]
[Date "2003.09.02"]
[Round "5"]
[White "Stojanovic,An"]
[Black "Mladenovic,J"]
[Result "1/2-1/2"]
[WhiteElo "2170"]
[BlackElo "2151"]

1.e4 c5 2.Nf3 Nc6 3.d4 cxd4 4.Nxd4 e6 5.Nc3 Qc7 6.Be2 a6 7.O-O Nf6 8.Kh1 Be7
9.Be3 O-O 10.a4 d6 11.f4 Nxd4 12.Qxd4 e5 13.Qd3 Be6 14.f5 Bd7 15.g4 Bc6 16.g5 Nxe4
17.Nxe4 d5 18.Ng3 d4+ 19.Bf3 dxe3 20.Qxe3 Bxf3+ 21.Qxf3 Bxg5 22.Ne4 Bf4 23.f6 g6
24.Qg2 Qc6 25.Rae1 h6 26.c3 Rfe8 27.h4 Re6 28.h5 g5 29.a5 Rd8 30.Rd1 Ree8
31.Qf3 Rd7 32.Rxd7 Qxd7 33.Rd1 Qc7 34.Rd5 b6 35.axb6 Qxb6 36.b4 Qe6 37.Rd1 Qa2
38.Qg2 Qe6 39.Qf3 Qa2 40.Qg2 Qb3 41.Qe2 Qe6 42.Qf3 Qa2  1/2-1/2

[Event "ch-ROM"]
[Site "Satu Mare ROM"]
[Date "2003.09.02"]
[Round "1.2"]
[White "Berescu,A"]
[Black "Nita,L"]
[Result "1-0"]
[WhiteElo "2400"]
[BlackElo "2256"]

1.e4 c5 2.Nf3 e6 3.d4 cxd4 4.Nxd4 Nc6 5.Nc3 Qc7 6.g3 a6 7.Bg2 Nge7 8.Nb3 Ng6
9.O-O Be7 10.f4 O-O 11.e5 d6 12.exd6 Bxd6 13.Ne4 Be7 14.Be3 Nb4 15.c3 Nd5
16.Bd4 Bd7 17.Qh5 Bc6 18.Rae1 Rad8 19.f5 exf5 20.Rxf5 Nb6 21.Nbd2 Bd7 22.Rf2 Be6
23.Nf3 Bxa2 24.Qa5 Rxd4 25.Nxd4 Bd5 26.Nd2 Bxg2 27.Kxg2 Bc5 28.N2f3 Qc8 29.Rfe2 Nd5
30.Kh1 b6 31.Qa2 Qb7 32.Qb1 Nxc3 33.bxc3 Bxd4 34.cxd4 Qxf3+ 35.Kg1 Qf6 36.Qd3 h5
37.d5 Qd6 38.Qc4 Kh7 39.Re8 Rxe8 40.Rxe8 Ne7 41.Qe4+ Ng6 42.Qf5 Kh6 43.Qxf7 Qc5+
44.Kg2 Qc2+ 45.Kh3 Qd1 46.Qf5 Qd2 47.Re6 Qg5 48.Qxg5+ Kxg5 49.d6 Nf8 50.Re8 Nd7
51.Re7 Kf6 52.Rxd7 Ke6 53.Rb7  1-0

[Event "1st League TCh-SCG"]
[Site "Budva SCG"]
[Date "2003.09.03"]
[Round "6"]
[White "Iordachescu,V"]
[Black "Goloshchapov,A"]
[Result "1-0"]
[WhiteElo "2606"]
[BlackElo "2574"]

1.e4 c5 2.Nf3 Nc6 3.d4 cxd4 4.Nxd4 e6 5.Nc3 Qc7 6.Be3 a6 7.Qe2 Nf6 8.O-O-O Bb4
9.f3 Ne5 10.Nb3 b5 11.Qe1 Nc4 12.Bd4 O-O 13.e5 Bxc3 14.Bxc3 Nd5 15.Bd4 Bb7
16.Kb1 Rac8 17.Bd3 f6 18.Qh4 f5 19.Rhe1 Rf7 20.Qf2 a5 21.Nc5 Bc6 22.f4 a4
23.a3 Na5 24.c3 Nb7 25.Na6 Qd8 26.Nb4 Nxb4 27.cxb4 Qe8 28.Rc1 Be4 29.Bxe4 Rxc1+
30.Rxc1 fxe4 31.g3 d5 32.Qe2 Re7 33.g4 h5 34.h3 Qf7 35.Qc2 Kh7 36.f5 Re8
37.Qc6 exf5 38.gxf5  1-0

[Event "1st League TCh-SCG w"]
[Site "Budva SCG"]
[Date "2003.09.03"]
[Round "6"]
[White "Stojanovic,Na"]
[Black "Todorovic,V"]
[Result "0-1"]
[WhiteElo "2053"]
[BlackElo "2125"]

1.e4 c5 2.Nf3 e6 3.d4 cxd4 4.Nxd4 Nc6 5.Nc3 d6 6.Bc4 Nf6 7.Be3 Be7 8.Qe2 O-O
9.O-O-O Bd7 10.g4 Nxd4 11.Bxd4 e5 12.g5 exd4 13.gxf6 dxc3 14.fxe7 cxb2+ 15.Kxb2 Qxe7
16.Qd3 Be6 17.Rhg1 Rac8 18.Qd4 f6 19.Bb3 Rfd8 20.Rg3 Bxb3 21.axb3 Qe5 22.f4 Qxd4+
23.Rxd4 Kf7 24.Rh3 h6 25.f5 Rc5 26.Rhd3 Re5 27.h4 h5 28.Rc3 Rd7 29.Rc8 Rde7
30.Rxd6 Rxe4 31.Rdd8 Re8 32.Rd7+ R4e7 33.Rxe7+ Rxe7 34.Rh8 g6 35.Rh7+ Kf8
36.Rxe7 Kxe7 37.fxg6 Kf8 38.Kc3 Kg7 39.Kd4 Kxg6 40.Ke4 Kf7 41.Kf5 Kg7 42.c4 a5
43.Ke6 b6 44.Kd6 f5 45.Kc6 f4 46.Kxb6 f3 47.c5 f2 48.c6 f1=Q 49.c7 Qf8 50.Kb7 Qb4+
51.Ka6 Qc3  0-1

[Event "56th ch-RUS"]
[Site "Krasnoyarsk RUS"]
[Date "2003.09.03"]
[Round "1"]
[White "Grigoriants,S RUS"]
[Black "Saveljev,V"]
[Result "1-0"]
[WhiteElo "2499"]
[BlackElo "2333"]

1.e4 c5 2.Nf3 Nc6 3.Nc3 e6 4.d4 cxd4 5.Nxd4 d6 6.Be3 Nf6 7.Bc4 Be7 8.Bb3 a6
9.Qe2 Na5 10.g4 Nxb3 11.axb3 h5 12.g5 Ng4 13.f4 e5 14.Nf5 Bxf5 15.exf5 Nxe3
16.Qxe3 exf4 17.Qf3 Bxg5 18.O-O-O O-O 19.Rhg1 Bf6 20.Ne4 Be5 21.f6 g6 22.Qxh5 Bxf6
23.Rxd6 Bg7 24.Rxd8 gxh5 25.Nf6+ Kh8 26.Rd5  1-0

[Event "56th ch-RUS"]
[Site "Krasnoyarsk RUS"]
[Date "2003.09.04"]
[Round "2"]
[White "Timofeev,Ar"]
[Black "Grigoriants,S RUS"]
[Result "1-0"]
[WhiteElo "2575"]
[BlackElo "2499"]

1.e4 c5 2.Nf3 Nc6 3.Nc3 e6 4.d4 cxd4 5.Nxd4 d6 6.Be2 Nf6 7.O-O Be7 8.Be3 Bd7
9.Nb3 a6 10.a4 Na5 11.Nd2 Qc7 12.f4 O-O 13.Qe1 b5 14.axb5 axb5 15.Nxb5 Qxc2
16.Rc1 Qa4 17.Ra1 Qb4 18.Nc7 Rac8 19.Na6 Qxb2 20.Rxa5 Qc3 21.Bb6 Bd8 22.Bxd8 Rfxd8
23.Ra2 e5 24.Rf3 Qc6 25.Bc4 Be6 26.Bxe6 fxe6 27.fxe5 dxe5 28.h3 Rd4 29.Kh2 Qb6
30.Rb3 Qd6 31.Qe2 Ra8 32.Rba3 Rd8 33.Nc4 Qc6 34.Na5 Qc1 35.Nb3 Qf4+ 36.g3  1-0

[Event "VII Pablo Gorbea"]
[Site "Madrid ESP"]
[Date "2003.09.04"]
[Round "4"]
[White "Alonso,S"]
[Black "Serrano Salvador,E"]
[Result "1-0"]
[WhiteElo "2474"]
[BlackElo "2229"]

1.e4 c5 2.Nf3 e6 3.d4 cxd4 4.Nxd4 Nc6 5.Nc3 Qc7 6.Be2 a6 7.O-O Nf6 8.Kh1 Nxd4
9.Qxd4 Bc5 10.Qd3 b5 11.Bg5 Bb7 12.f4 b4 13.e5 bxc3 14.exf6 cxb2 15.fxg7 bxa1=Q
16.Rxa1 Rg8 17.Qxh7 Rxg7 18.Qxg7 Bf8 19.Qh7 Qc3 20.Rd1 Bc6 21.Bh5 Qg7 22.Qd3 Qb2
23.f5 Qe5 24.Bf3  1-0

[Event "12th Monarch Assurance"]
[Site "Port Erin IOM"]
[Date "2003.09.04"]
[Round "8"]
[White "Aagaard,J"]
[Black "Al Modiahki,M"]
[Result "0-1"]
[WhiteElo "2360"]
[BlackElo "2574"]

1.e4 c5 2.Nf3 e6 3.d4 cxd4 4.Nxd4 Nc6 5.Nc3 Qc7 6.Be3 a6 7.Qd2 Nf6 8.O-O-O Bb4
9.f3 Ne5 10.Nb3 b5 11.Bd4 Bb7 12.Qg5 Ng6 13.Qg3 e5 14.Be3 Rc8 15.Qf2 Bxc3
16.bxc3 O-O 17.Bc5 d5 18.exd5 Nxd5 19.c4 Nc3 20.cxb5 Nxd1 21.Kxd1 Rfd8+ 22.Kc1 Qd7
23.bxa6 Bd5 24.a7 Qa4 25.Kb2 Nf4 26.g3 Ne6 27.Bb6 Rd6 28.c4 Ba8 29.c5 Rd7
30.Bh3 Rd3 31.Qc2 Rxf3 32.Rd1 Be4 33.Qe2 f5 34.Bf1 Bc6 35.Rd6 e4 36.Rxe6 Bd5
37.Rd6 Bxb3 38.Qa6 Rf2+ 39.Kc3 Rc2+  0-1

[Event "V Open"]
[Site "Sants ESP"]
[Date "2003.09.04"]
[Round "6"]
[White "Llaneza Vega,P"]
[Black "Hendriks,W"]
[Result "1/2-1/2"]
[WhiteElo "2219"]
[BlackElo "2423"]

1.e4 c5 2.Nf3 Nc6 3.Nc3 e6 4.d4 cxd4 5.Nxd4 Qc7 6.g3 d6 7.Bg2 Bd7 8.Ndb5 Qb8
9.Bf4 Ne5 10.Qd4 Bxb5 11.Nxb5 Nc6 12.Nxd6+ Bxd6 13.Qxd6 e5 14.Qxb8+ Rxb8
15.Be3 Nf6 16.c3 b6 17.h3 Ke7 18.Rd1 Rbc8 19.Ke2 h6 20.Rd3 Na5 21.Rhd1 Rc7
22.f4 Re8 23.Bc1 Nc6 24.b3 Kf8 25.f5 Rec8 26.Kf3 b5 27.Bb2 a5 28.Bf1 b4 29.c4 Ke7
30.R3d2 Rd7 31.Ke3 Rcd8 32.Rxd7+  1/2-1/2

[Event "1st League TCh-SCG w"]
[Site "Budva SCG"]
[Date "2003.09.05"]
[Round "7"]
[White "Milovanov,O"]
[Black "Tuvic,N"]
[Result "1/2-1/2"]
[WhiteElo "2054"]
[BlackElo "2009"]

1.e4 c5 2.Nf3 e6 3.d4 cxd4 4.Nxd4 Nc6 5.Nc3 Qc7 6.g3 a6 7.Bg2 d6 8.O-O Bd7
9.Re1 Be7 10.Nxc6 Bxc6 11.Bf4 Nf6 12.Qe2 O-O 13.Nd5 exd5 14.exd5 Nxd5 15.Bxd5 Bxd5
16.Qxe7 Qxc2 17.Qxd6 Rad8 18.Qe5 Bc6 19.Qe2 Qf5 20.Rad1 h5 21.h4 Qh3 22.f3 Qf5
23.Kg2 Bb5 24.Qe4 Qxe4 25.fxe4 Rxd1 26.Rxd1 Bc6 27.Kf2 Bxe4 28.Bc7  1/2-1/2

[Event "1st League TCh-SCG w"]
[Site "Budva SCG"]
[Date "2003.09.05"]
[Round "7"]
[White "Stojanovic,Mari"]
[Black "Todorovic,V"]
[Result "1-0"]
[WhiteElo "2104"]
[BlackElo "2125"]

1.e4 c5 2.Nf3 e6 3.d4 cxd4 4.Nxd4 Nc6 5.Nc3 d6 6.Be3 Nf6 7.Qd2 Be7 8.f3 O-O
9.g4 Nxd4 10.Qxd4 e5 11.Qd2 Be6 12.O-O-O Rc8 13.Kb1 b5 14.g5 Nh5 15.Bxb5 Nf4
16.h4 Kh8 17.Bxf4 exf4 18.Nd5 Rc5 19.Bd3 Bxd5 20.exd5 Rxd5 21.Qxf4 Re5 22.Qg3 Qb6
23.Rhe1 Rb8 24.b3 Qd4 25.Bxh7 Qc3 26.Bd3 a5 27.Qg4 g6 28.Rxe5 Qxe5 29.f4 Qc3
30.h5 Bf8 31.f5 Rb4 32.Bc4 gxf5 33.Qd4+ Qxd4 34.Rxd4 Be7 35.Rd5 a4 36.Rxf5 axb3
37.cxb3 Rb8 38.Bxf7 Rf8 39.g6 Kg7 40.a4 Rb8 41.a5  1-0

[Event "56th ch-RUS"]
[Site "Krasnoyarsk RUS"]
[Date "2003.09.05"]
[Round "3"]
[White "Yemelin,V"]
[Black "Vekshenkov,N"]
[Result "0-1"]
[WhiteElo "2550"]
[BlackElo "2451"]

1.e4 c5 2.Nf3 e6 3.d4 cxd4 4.Nxd4 Nc6 5.Nc3 Qc7 6.Be2 a6 7.O-O Nf6 8.Be3 Be7
9.f4 d6 10.Qe1 O-O 11.Qg3 d5 12.e5 Ne4 13.Nxe4 dxe4 14.Rad1 Rd8 15.c3 b5
16.Nb3 Rxd1 17.Rxd1 Na5 18.Nd2 Bb7 19.Qf2 Bd5 20.Kh1 Nc4 21.Bxc4 bxc4 22.Nf1 f5
23.exf6 Bxf6 24.Bd4 Rf8 25.Bxf6 Rxf6 26.Ne3 Rxf4 27.Qd2 Qf7 28.Kg1 h5 29.h3 Kh7
30.Qd4 Qg6 31.Rf1 Rf3 32.Kh1 Qg3  0-1

[Event "1st League TCh-SCG w"]
[Site "Budva SCG"]
[Date "2003.09.06"]
[Round "8"]
[White "Jovanovic,Mirj"]
[Black "Urosevic,M"]
[Result "1-0"]
[WhiteElo "2066"]
[BlackElo "2009"]

1.e4 c5 2.Nc3 Nc6 3.Nf3 e6 4.d4 cxd4 5.Nxd4 Qc7 6.Ndb5 Qb8 7.a4 a6 8.Na3 Nf6
9.Bd3 Bc5 10.O-O O-O 11.Nc4 d5 12.Nd2 d4 13.Ne2 e5 14.Ng3 Be6 15.Nf3 h6 16.Nh4 Re8
17.h3 Qc8 18.Qf3 Nh7 19.Nhf5 Ne7 20.Nh5 Bxf5 21.exf5 g6 22.fxg6 Nxg6 23.Bxh6 Bf8
24.Bxf8 Rxf8 25.Be4 Ng5 26.Qf6 Ne6 27.Bxg6 fxg6 28.Qxg6+ Kh8 29.Nf6 Rxf6
30.Qxf6+  1-0

[Event "1st League TCh-SCG w"]
[Site "Budva SCG"]
[Date "2003.09.06"]
[Round "8"]
[White "Zelenaya Azaric,G"]
[Black "Stojanovic,Mari"]
[Result "1-0"]
[WhiteElo "2121"]
[BlackElo "2104"]

1.e4 c5 2.Nf3 e6 3.d4 cxd4 4.Nxd4 Nc6 5.Nc3 a6 6.g3 d6 7.Bg2 Nf6 8.O-O Be7
9.Nb3 O-O 10.Be3 Qc7 11.Qe2 b5 12.a3 Bb7 13.Rad1 Ne5 14.f4 Nc4 15.Bc1 Rac8
16.g4 Nxa3 17.g5 Ne8 18.Qh5 g6 19.Qh6 f5 20.Nd4 Qd7 21.exf5 exf5 22.Nd5 Rxc2
23.Nxc2 Nxc2 24.Rf2 Na1 25.Qh3  1-0

[Event "VII Pablo Gorbea"]
[Site "Madrid ESP"]
[Date "2003.09.06"]
[Round "6"]
[White "Paragua,M"]
[Black "Rojo Huerta,G"]
[Result "1/2-1/2"]
[WhiteElo "2500"]
[BlackElo "2326"]

1.Nf3 c5 2.e4 e6 3.d4 cxd4 4.Nxd4 Nc6 5.Nc3 Qc7 6.Be2 a6 7.O-O Nf6 8.Be3 Bb4
9.Na4 Be7 10.Nxc6 bxc6 11.Nb6 Rb8 12.Nxc8 Qxc8 13.Bd4 O-O 14.e5 Nd5 15.c4 Nf4
16.Bf3 f6 17.b3 Qc7 18.Re1 Ng6 19.exf6 Bxf6 20.Re4 a5 21.Rc1 a4 22.Bc5 Be7
23.Bxe7 Nxe7 24.bxa4 c5 25.Rg4 Nf5 26.Be4 Rb2 27.Rc2 Qe5 28.Rxb2 Qxb2 29.Rf4 g6
30.g3 Nd4 31.Rxf8+ Kxf8 32.Qb1 Qe2 33.a5 Qxc4 34.Qb7 d5 35.Qb8+ Ke7 36.Qc7+ Ke8
37.Qb8+  1/2-1/2

[Event "1st League TCh-SCG"]
[Site "Budva SCG"]
[Date "2003.09.07"]
[Round "9"]
[White "Perunovic,Mil"]
[Black "Rajkovic,Du"]
[Result "1-0"]
[WhiteElo "2527"]
[BlackElo "2456"]

1.e4 c5 2.Nf3 e6 3.d4 cxd4 4.Nxd4 Nc6 5.Nc3 Qc7 6.Be2 a6 7.f4 b5 8.Nxc6 Qxc6
9.Bf3 Bb7 10.Be3 Qc7 11.Qd4 Rc8 12.O-O Ne7 13.Rad1 Nc6 14.Qd3 Na5 15.Kh1 Nc4
16.Bc1 Be7 17.a4 b4 18.Ne2 Nb6 19.b3 d5 20.exd5 Nxd5 21.f5 O-O 22.fxe6 fxe6
23.Nd4 Qb6 24.Rde1 Rc3 25.Qd1 e5 26.Rxe5 Qd6 27.Rfe1 Bh4 28.Nf5 Rxf5 29.Rxf5 Bxe1
30.Bxd5+ Bxd5 31.Rxd5 Qe6 32.Rd8+ Kf7 33.Qh5+  1-0

[Event "Polish Extraleague"]
[Site "Lubniewice POL"]
[Date "2003.09.07"]
[Round "9"]
[White "Murdzia,P"]
[Black "Mikhaletz,L"]
[Result "1/2-1/2"]
[WhiteElo "2446"]
[BlackElo "2471"]

1.e4 c5 2.Nf3 Nc6 3.Nc3 e6 4.d4 cxd4 5.Nxd4 Nf6 6.Nxc6 bxc6 7.e5 Nd5 8.Ne4 Qc7
9.f4 Ba6 10.c4 Bb4+ 11.Kf2 Qb6+ 12.Kf3 f5 13.Nf2 Ne7 14.Be3 Bc5 15.Bxc5 Qxc5
16.Qd6 Qb6 17.b3 c5 18.Rd1 Bb7+ 19.Ke3 Qxd6 20.exd6 Ng6 21.Nd3 Rc8 22.h4 h5
23.Be2 Kf7 24.Bf3 Bxf3 25.gxf3 Kf6 26.Rhg1 Nf8 27.Ne5 Rb8 28.Rg5 g6 29.Rdg1 Rg8
30.Rd1 Rb6 31.Rd3 Rb7 32.Rd2 Rb6 33.Ke2 Rg7 34.Kd1 a5 35.Kc2 Rg8 36.Kc3 Rg7
37.Kb2 a4 38.Ka3 axb3 39.axb3 Ra6+ 40.Kb2 Rg8 41.Rg1 g5 42.hxg5+ Kg7 43.Kc3 h4
44.Rh1 Rh8  1/2-1/2

[Event "Polish Extraleague"]
[Site "Lubniewice POL"]
[Date "2003.09.07"]
[Round "9"]
[White "Kucypera,A"]
[Black "Jaracz,B"]
[Result "1/2-1/2"]
[WhiteElo "2227"]
[BlackElo "2341"]

1.e4 c5 2.Nf3 Nc6 3.d4 cxd4 4.Nxd4 e6 5.Nc3 Qc7 6.Be2 a6 7.O-O Nf6 8.Kh1 Be7
9.f4 d6 10.Be3 O-O 11.Qe1 Na5 12.a4 Nc4 13.Bc1 Bd7 14.b3 Na5 15.Bb2 Rac8
16.Qg3 Ne8 17.e5 dxe5 18.fxe5 Nc6 19.Nxc6 Bxc6 20.Bf3 g6 21.Ne4 Bxe4 22.Bxe4 Ng7
23.Qf3 b6 24.Rad1 Rcd8 25.c4 Bb4 26.Rxd8 Rxd8 27.Rd1 Nf5 28.Bxf5 gxf5 29.Qh5 Rxd1+
30.Qxd1 Qc6 31.Qd8+ Kg7 32.Bd4 Bc5  1/2-1/2

[Event "VII Pablo Gorbea"]
[Site "Madrid ESP"]
[Date "2003.09.07"]
[Round "7"]
[White "Taveira Jimenez,M"]
[Black "Serrano Salvador,E"]
[Result "0-1"]
[WhiteElo "2072"]
[BlackElo "2229"]

1.e4 c5 2.d4 cxd4 3.Nf3 e6 4.Nxd4 Nc6 5.Nc3 Qc7 6.Be2 a6 7.O-O Nf6 8.Be3 Bb4
9.Bf3 Ne5 10.Bf4 Nxf3+ 11.Qxf3 e5 12.Bg3 Bxc3 13.bxc3 d6 14.Nf5 Bxf5 15.Qxf5 Qc8
16.Qf3 Qc6 17.Rae1 O-O 18.Bh4 Nd7 19.Re3 f6 20.Rd1 Nc5 21.Qg4 Rad8 22.h3 Qa4
23.Rg3 g6 24.Re1 Qxa2 25.f4 Kh8 26.fxe5 dxe5 27.Rf3 Kg7 28.Bxf6+ Rxf6 29.Rxf6 Kxf6
30.Qh4+ g5 31.Qh6+ Ke7 32.Qxg5+ Ke8 33.Qxe5+ Ne6 34.Rf1 Qc4 35.Qh5+ Kd7 36.Qd5+ Qxd5
37.exd5 Ng5 38.h4 Ne4 39.Rf7+ Kc8 40.c4 Rd7 41.Rf4 Nc5 42.g4 a5 43.Kg2 a4
44.g5 Kd8 45.Kh3 Ke8 46.Kg4 Rf7 47.Rd4 Rf1 48.Rd2 a3 49.c3 Rb1 50.Ra2 Rb3
51.h5 Rxc3 52.h6 Kf7 53.Rf2+ Kg8 54.d6 Ne4  0-1

[Event "VII Pablo Gorbea"]
[Site "Madrid ESP"]
[Date "2003.09.07"]
[Round "7"]
[White "Rodriguez Gonzalez,I"]
[Black "Morales,Jo"]
[Result "1/2-1/2"]
[WhiteElo "2106"]
[BlackElo "2329"]

1.e4 c5 2.Nf3 e6 3.d4 cxd4 4.Nxd4 Nc6 5.Nc3 Qc7 6.g3 a6 7.Bg2 Nf6 8.O-O Nxd4
9.Qxd4 Bc5 10.Bf4 d6 11.Qd2 h6 12.Rad1 e5 13.Be3 Bg4 14.Bxc5 dxc5 15.f3 Be6
16.Nd5 Bxd5 17.exd5 Qd6 18.f4 O-O 19.fxe5 Qxe5 20.d6 Qxb2 21.c4 Qxd2 22.Rxd2 Rab8
23.Rb1 b5 24.d7 Rfd8 25.Bc6 Kf8 26.cxb5 axb5 27.Rxb5 Rxb5 28.Bxb5 Ke7 29.Re2+ Kf8
30.Rd2 Ke7 31.Re2+  1/2-1/2

[Event "VII Pablo Gorbea"]
[Site "Madrid ESP"]
[Date "2003.09.07"]
[Round "7"]
[White "Orfali,M"]
[Black "Alonso Fernandez,M"]
[Result "1-0"]
[WhiteElo "2035"]
[BlackElo "2177"]

1.e4 c5 2.Nc3 Nc6 3.Nf3 e6 4.d4 cxd4 5.Nxd4 Qc7 6.Be2 a6 7.O-O Nf6 8.Be3 Bb4
9.Na4 Be7 10.Nxc6 bxc6 11.Nb6 Rb8 12.Nxc8 Qxc8 13.e5 Nd5 14.Bc1 c5 15.Kh1 O-O
16.c4 Nb4 17.f4 f6 18.Bd2 Nc6 19.Bc3 Qc7 20.Bd3 f5 21.g4 Qb7 22.Kg1 d6 23.exd6 Bxd6
24.gxf5 exf5 25.Be2 Nd4 26.Bf3 Qc7 27.Bd5+ Kh8 28.Qd2 Bxf4 29.Qf2 Be5 30.Kh1 Rf6
31.Rg1 Rh6 32.Rg2 f4 33.Bxd4 Bxd4 34.Qf3 Qe5 35.Rf1 Bxb2 36.Re2 Qf6 37.Qb3 Rxh2+
38.Kxh2 Qh6+ 39.Qh3  1-0

[Event "TCh-CRO"]
[Site "Rabac CRO"]
[Date "2003.09.07"]
[Round "1"]
[White "Dabo Peranic,R"]
[Black "Horvath,Jo1"]
[Result "0-1"]
[WhiteElo "2341"]
[BlackElo "2519"]

1.e4 c5 2.Nf3 e6 3.d4 cxd4 4.Nxd4 Nc6 5.Nc3 Qc7 6.f4 a6 7.Nxc6 bxc6 8.Bd3 d5
9.O-O Nf6 10.Qe2 Be7 11.b3 Bb7 12.Bb2 O-O 13.Rae1 c5 14.exd5 c4 15.Bxc4 Bc5+
16.Kh1 exd5 17.Bd3 Bb4 18.Na4 Rfe8 19.Be5 Qc6 20.c3 Ba5 21.Qc2 Ne4 22.Re3 Rac8
23.c4 g6 24.Qb2 Nd2 25.Rg1 dxc4 26.bxc4 Ba8 27.Bh8 f6 28.Rxe8+ Rxe8 29.Qxf6 Qxg2+  0-1

[Event "TCh-CRO"]
[Site "Rabac CRO"]
[Date "2003.09.09"]
[Round "3"]
[White "Feletar,D"]
[Black "Kuljasevic,D"]
[Result "1-0"]
[WhiteElo "2420"]
[BlackElo "2419"]

1.e4 c5 2.Nf3 e6 3.Nc3 Nc6 4.d4 cxd4 5.Nxd4 Nf6 6.Bg5 Bb4 7.Nb5 h6 8.Bxf6 Qxf6
9.Be2 Qe5 10.Qd2 a6 11.f4 Qb8 12.Nd4 O-O 13.Rf1 Qc7 14.O-O-O Be7 15.Kb1 d6
16.g4 Bd7 17.h4 b5 18.Nxc6 Bxc6 19.Bd3 b4 20.Ne2 e5 21.g5 h5 22.f5 g6 23.Ng3 Bb7
24.Qe2 Rfc8 25.b3 Rf8 26.Nxh5 gxh5 27.f6 Rfc8 28.Qxh5 Bf8 29.g6 fxg6 30.Qxg6+ Kh8  1-0

[Event "56th ch-RUS"]
[Site "Krasnoyarsk RUS"]
[Date "2003.09.10"]
[Round "7"]
[White "Grigoriants,S RUS"]
[Black "Tregubov,P"]
[Result "0-1"]
[WhiteElo "2499"]
[BlackElo "2635"]

1.e4 c5 2.Nf3 Nc6 3.Nc3 e6 4.d4 cxd4 5.Nxd4 Qc7 6.Be2 a6 7.O-O Nf6 8.Kh1 Nxd4
9.Qxd4 Bc5 10.Qd2 O-O 11.Qg5 Bd4 12.Bd3 b5 13.Ne2 Bc5 14.Bf4 d6 15.Qh4 Re8
16.Bg5 Nd7 17.b4 Bb6 18.a4 bxa4 19.e5 Nf8 20.Ra3 Ng6 21.exd6 Qxd6 22.Bxg6 fxg6
23.Rh3 h6 24.Bxh6 e5 25.Bxg7 Bxh3 26.Qh8+ Kf7 27.Qh7 Bxg2+ 28.Kxg2 Ke6 29.Nf4+ exf4
30.Re1+ Be3 31.fxe3 Qd5+ 32.Kf2 Qh5 33.exf4+ Kf5 34.Qxh5+ gxh5 35.Be5 a5
36.b5 Rac8 37.c3 Rc5 38.Rb1 a3 39.b6 a2 40.Ra1 Rb5 41.Bc7 Rb2+ 42.Kf3 Re6
43.Be5 Rexb6 44.Bd4 R6b3  0-1

[Event "56th ch-RUS"]
[Site "Krasnoyarsk RUS"]
[Date "2003.09.12"]
[Round "9"]
[White "Grischuk,A"]
[Black "Svidler,P"]
[Result "1/2-1/2"]
[WhiteElo "2732"]
[BlackElo "2723"]

1.e4 c5 2.Nf3 e6 3.d4 cxd4 4.Nxd4 Nc6 5.Nc3 d6 6.g4 a6 7.Be3 Nge7 8.f4 b5
9.Nf3 Bb7 10.Qe2 Na5 11.Kd2  1/2-1/2

[Event "ch-Nordic"]
[Site "Aarhus DEN"]
[Date "2003.09.13"]
[Round "7"]
[White "Kallio,H"]
[Black "Stefansson,H"]
[Result "1/2-1/2"]
[WhiteElo "2471"]
[BlackElo "2560"]

1.e4 c5 2.Nf3 e6 3.d4 cxd4 4.Nxd4 Nc6 5.Nc3 Qc7 6.f4 a6 7.Nxc6 Qxc6 8.Be2 b5
9.Bf3 Bb7 10.Be3 b4 11.e5 Qc7 12.Ne4 Rc8 13.Bd4 Bxe4 14.Bxe4 Bc5 15.O-O d5
16.exd6 Qxd6 17.Bf2 Bxf2+ 18.Rxf2 Qb6 19.f5 Nf6 20.fxe6 O-O 21.Qf3 fxe6 22.Rf1 Qd4
23.Bd3 e5 24.Bf5 Rcd8 25.c3 Qb6 26.Qe2 bxc3 27.Qxe5 Kh8 28.bxc3 Rd5 29.Qf4 Nd7
30.Qb4 Qe3 31.Qe4 Qc5 32.Bg4 Rd2 33.Be2 a5 34.Bd3 g6 35.Be2 Rxa2 36.Qd4+ Qxd4
37.cxd4 Rxf2 38.Kxf2 Nf6 39.Rc1 a4 40.Kf3 Rd2 41.Ke3 Rb2 42.Bf3 g5 43.Rc8+ Kg7
44.Ra8 Rb3+ 45.Kd2 a3 46.Kc2 Re3 47.Kd2 Rb3 48.Kc2 Re3 49.Kd2  1/2-1/2

[Event "zt 2.5"]
[Site "Asuncion PAR"]
[Date "2003.09.14"]
[Round "1"]
[White "Campora,D"]
[Black "Izquierdo,D"]
[Result "1-0"]
[WhiteElo "2510"]
[BlackElo "2302"]

1.e4 c5 2.Nf3 e6 3.Nc3 Nc6 4.d4 cxd4 5.Nxd4 a6 6.g3 Qc7 7.Bg2 Nf6 8.O-O Nxd4
9.Qxd4 Bc5 10.Bf4 Bxd4 11.Bxc7 d5 12.Rad1 Bxc3 13.bxc3 O-O 14.e5 Nd7 15.c4 dxc4
16.Rd4 Ra7 17.Rfd1 b5 18.Rxd7 Bxd7 19.Bb6  1-0

[Event "EYb14"]
[Site "Budva YUG"]
[Date "2003.09.14"]
[Round "2"]
[White "Andreikin,D"]
[Black "Spoelman,W"]
[Result "1-0"]
[WhiteElo "2400"]
[BlackElo "2169"]

1.e4 c5 2.Nf3 e6 3.d4 cxd4 4.Nxd4 Nc6 5.Nc3 Qc7 6.g3 a6 7.Bg2 Nf6 8.O-O Bc5
9.Nb3 Ba7 10.Kh1 b5 11.Bf4 e5 12.Bg5 Ne7 13.f4 Bb7 14.fxe5 Qxe5 15.Bf4 Qh5
16.Bf3 Qg6 17.e5 Ne4 18.Qe1 Nc5 19.Nxc5 Bxf3+ 20.Rxf3 Bxc5 21.Ne4 Qc6 22.Rc3 Bb4
23.Rxc6 Bxe1 24.Nd6+ Kf8 25.Rc7 Ba5 26.Rxd7 h6 27.Rf1  1-0

[Event "zt 2.5"]
[Site "Asuncion PAR"]
[Date "2003.09.15"]
[Round "2"]
[White "Rodriguez,And URU"]
[Black "Giardelli,S"]
[Result "1-0"]
[WhiteElo "2485"]
[BlackElo "2437"]

1.e4 c5 2.Nc3 Nc6 3.Nge2 e6 4.d4 cxd4 5.Nxd4 Qc7 6.g3 a6 7.Bg2 d6 8.O-O Bd7
9.a4 Be7 10.Nb3 b6 11.g4 h6 12.f4 Rb8 13.Qe2 Bc8 14.Qc4 b5 15.axb5 Qb6+ 16.Kh1 axb5
17.Qe2 b4 18.Be3 Qb7 19.Na4 Qc7 20.Qc4 Nf6 21.Nd4 Bb7 22.Nb5 Qc8 23.Nb6 Qd8
24.Qe2 O-O 25.Rfd1 e5 26.Nc4 Bc8 27.Nbxd6 Bxg4 28.Bf3 Bxf3+ 29.Qxf3 Qc7 30.Nf5 Ra8
31.fxe5 Rxa1 32.Rxa1 Nd7 33.Nxh6+ gxh6 34.Rg1+ Kh7 35.Qh5  1-0

[Event "EYg18"]
[Site "Budva YUG"]
[Date "2003.09.15"]
[Round "3"]
[White "Haecker,S"]
[Black "Seps,M"]
[Result "1/2-1/2"]
[WhiteElo "1985"]
[BlackElo "2079"]

1.e4 c5 2.Nc3 Nc6 3.Nf3 e6 4.d4 cxd4 5.Nxd4 Nf6 6.Be2 Qc7 7.Be3 a6 8.O-O Be7
9.Kh1 O-O 10.Nb3 b5 11.a3 d6 12.f4 Bb7 13.Bf3 Rac8 14.Qe1 Nd7 15.g4 Nb6 16.Rd1 Nc4
17.Bc1 N6a5 18.Rd3 g6 19.Bg2 Rce8 20.f5 Nxb3 21.cxb3 Ne5 22.Rg3 Bh4 23.Bh6 Qe7
24.Qe3 Bxg3 25.f6 Qd8 26.Bxf8 Bh4 27.Be7 Rxe7 28.fxe7 Qxe7 29.h3 Bg5 30.Qd4 Bf6
31.Qf2 Nd7 32.b4 Be5 33.h4 Nf6 34.Bf3 Bxc3 35.bxc3 Nxe4 36.Bxe4 Bxe4+ 37.Kh2 d5
38.g5 Qc7+ 39.Kg1 Bf5 40.Qe3 Qc4 41.Qd4 Qc7 42.Qe3 Kf8 43.Re1 Ke7 44.Kf1 Qc4+
45.Kg2 Be4+ 46.Kg1 Qc7 47.Rc1 e5 48.Qf2 Qc6 49.Rf1 Bf5 50.Qg3 Qe6 51.Re1 Be4
52.Rf1 Bf5 53.Re1 Be4 54.Rf1  1/2-1/2

[Event "zt 2.5"]
[Site "Asuncion PAR"]
[Date "2003.09.19"]
[Round "6"]
[White "Pierrot,F"]
[Black "Crosa,M"]
[Result "1-0"]
[WhiteElo "2417"]
[BlackElo "2412"]

1.e4 c5 2.Nf3 e6 3.d4 cxd4 4.Nxd4 Nc6 5.Nc3 Nf6 6.Nxc6 bxc6 7.e5 Nd5 8.Ne4 Qc7
9.f4 Qb6 10.c4 Ne3 11.Qd3 Nf5 12.g4 Nd4 13.Bg2 Rb8 14.b3 h5 15.g5 Bb7 16.Be3 c5
17.O-O Nf5 18.Bf2 Rd8 19.b4 Qxb4 20.Rab1 Bxe4 21.Bxe4 Qa4 22.Rb3 d5 23.Ra3 Qd7
24.Bxf5 exf5 25.Qxd5 Qc7 26.Qf3 Be7 27.Rb3 Rd7 28.Rfb1 O-O 29.Rb7 Qc8 30.Rxd7 Qxd7
31.Rb7 Qd8 32.Qd5 Bxg5 33.Qxd8 Bxd8 34.Rxa7 Bb6 35.Ra6 Rb8 36.a4 Bc7 37.Bxc5 Rb1+
38.Kg2 Rb2+ 39.Bf2 Rb4 40.Ra8+ Kh7 41.a5 Bxa5 42.Rxa5 Rxc4 43.Kf3 Rc3+ 44.Be3 Rc2
45.h4 Rc3 46.Ra7 Kg6 47.Ra6+ Kh7 48.e6 fxe6 49.Rxe6 Ra3 50.Rb6 Rc3 51.Rb7 Ra3
52.Ke2 Ra2+ 53.Kf3 Ra3 54.Rc7 Rb3 55.Ke2 Rb2+ 56.Bd2 Ra2 57.Kd3 Ra4 58.Bc3  1-0

[Event "zt 2.5"]
[Site "Asuncion PAR"]
[Date "2003.09.19"]
[Round "6"]
[White "Cubas,Jo"]
[Black "Peralta,E"]
[Result "1-0"]
[WhiteElo "2419"]
[BlackElo "2279"]

1.e4 c5 2.Nf3 Nc6 3.d4 cxd4 4.Nxd4 e6 5.Nc3 Qc7 6.Be3 a6 7.Bd3 Nf6 8.O-O b5
9.Nxc6 dxc6 10.a4 b4 11.Nb1 Bd6 12.f4 e5 13.f5 Bb7 14.Nd2 O-O 15.Nc4 c5 16.Qf3 Be7
17.g4 h6 18.h4 Nh7 19.Qg3 Qd8 20.Qxe5 Bxh4 21.Nd6 Bc6 22.Qxc5 Bg3 23.Qxc6 Bxd6
24.Rad1 Qf6 25.Kg2 Rac8 26.Qxa6 Rfd8 27.Bf4 Ra8 28.e5 Qh4 29.Bg3 Qg5 30.Qc4 Bf8
31.Qf4 Rxa4 32.Qxg5 Nxg5 33.Bb5 Rxd1 34.Rxd1 Ra5 35.Bc4 Ne4 36.Bf4 b3 37.Bxb3 Nc5
38.Bc4 Ra4 39.Rd4 g5 40.fxg6 Ne6 41.gxf7+ Kg7 42.b3  1-0